<?xml version="1.0" encoding="UTF-8"?>
<record
    xmlns:xsi="http://www.w3.org/2001/XMLSchema-instance"
    xsi:schemaLocation="http://www.loc.gov/MARC21/slim http://www.loc.gov/standards/marcxml/schema/MARC21slim.xsd"
    xmlns="http://www.loc.gov/MARC21/slim">

  <leader>00774nab a2200229 uc4500</leader>
  <controlfield tag="001">826916</controlfield>
  <controlfield tag="005">20240201185610.0</controlfield>
  <controlfield tag="008">030617e20010205                    spa  </controlfield>
  <datafield tag="035" ind1=" " ind2=" ">
    <subfield code="a">826916</subfield>
  </datafield>
  <datafield tag="035" ind1=" " ind2=" ">
    <subfield code="a">(OCoLC)820030943</subfield>
  </datafield>
  <datafield tag="040" ind1=" " ind2=" ">
    <subfield code="c">comduadb</subfield>
  </datafield>
  <datafield tag="041" ind1=" " ind2=" ">
    <subfield code="a">spa</subfield>
  </datafield>
  <datafield tag="100" ind1="1" ind2="0">
    <subfield code="a">David Gomez, Leonel</subfield>
    <subfield code="4">aut</subfield>
    <subfield code="e">aut</subfield>
    <subfield code="9">378191</subfield>
  </datafield>
  <datafield tag="245" ind1="1" ind2="0">
    <subfield code="a">Como conectar su empresa a internet</subfield>
  </datafield>
  <datafield tag="650" ind1=" " ind2=" ">
    <subfield code="a">Internet y comercio</subfield>
    <subfield code="9">108568</subfield>
  </datafield>
  <datafield tag="650" ind1=" " ind2=" ">
    <subfield code="a">Mercados - Colombia</subfield>
    <subfield code="9">7492</subfield>
  </datafield>
  <datafield tag="650" ind1=" " ind2=" ">
    <subfield code="a">Banda ancha</subfield>
    <subfield code="9">56888</subfield>
  </datafield>
  <datafield tag="650" ind1=" " ind2=" ">
    <subfield code="a">Red Digital de Servicios Integrados</subfield>
    <subfield code="9">112557</subfield>
  </datafield>
  <datafield tag="650" ind1=" " ind2=" ">
    <subfield code="a">ADSL (L&#xED;nea digital asim&#xE9;trica de abonado)</subfield>
    <subfield code="9">57961</subfield>
  </datafield>
  <datafield tag="773" ind1="0" ind2=" ">
    <subfield code="t">Intercambio : La Revista de Internet (Bogot&#xE1;)</subfield>
    <subfield code="g">N&#xFA;mero 04, Febrero-Marzo 2001, p. 56-58</subfield>
    <subfield code="w">640634</subfield>
    <subfield code="x">0124-9991</subfield>
    <subfield code="0">166898</subfield>
  </datafield>
  <datafield tag="942" ind1=" " ind2=" ">
    <subfield code="c">ARIMP</subfield>
  </datafield>
  <datafield tag="999" ind1=" " ind2=" ">
    <subfield code="c">283075</subfield>
    <subfield code="d">283075</subfield>
  </datafield>
</record>
